Royal charter and bye-laws 1973. (Amended 1975, 1977, 1978, 1980, 1981, 1983, 1985, 1986 and 1988) (Record no. 91300)
[ view plain ]
| 000 -LEADER | |
|---|---|
| fixed length control field | 00639cam a2200217 4500 |
| 008 - FIXED-LENGTH DATA ELEMENTS--GENERAL INFORMATION | |
| fixed length control field | 090401t1989 xxu||||| |||| 00| 0 eng d |
| 020 ## - INTERNATIONAL STANDARD BOOK NUMBER | |
| International Standard Book Number | 0854063242 |
| 035 ## - SYSTEM CONTROL NUMBER | |
| System control number | (Sirsi) u43347 |
| 041 ## - LANGUAGE CODE | |
| Language code of text/sound track or separate title | eng |
| 050 ## - LIBRARY OF CONGRESS CALL NUMBER | |
| Classification number | 333.0062 |
| 090 ## - LOCALLY ASSIGNED LC-TYPE CALL NUMBER (OCLC); LOCAL CALL NUMBER (RLIN) | |
| Classification number (OCLC) (R) ; Classification number, CALL (RLIN) (NR) | RICS 1989/30 ABCD |
| 110 ## - MAIN ENTRY--CORPORATE NAME | |
| Corporate name or jurisdiction name as entry element | Royal Institution of Chartered Surveyors |
| 9 (RLIN) | 4900 |
| 245 ## - TITLE STATEMENT | |
| Title | Royal charter and bye-laws 1973. (Amended 1975, 1977, 1978, 1980, 1981, 1983, 1985, 1986 and 1988) |
| 250 ## - EDITION STATEMENT | |
| Edition statement | Rev.ed. |
| 260 ## - PUBLICATION, DISTRIBUTION, ETC. | |
| Place of publication, distribution, etc. | London |
| Name of publisher, distributor, etc. | Surveyors Publications |
| Date of publication, distribution, etc. | 1989 |
| 300 ## - PHYSICAL DESCRIPTION | |
| Extent | 70p. ; 21cm. |
| 350 ## - PRICE (NR) (BK AM CF MU VM SE) [OBSOLETE] | |
| Price | 2.5 |
| 520 ## - SUMMARY, ETC. | |
| Summary, etc. | AMENDED 1991 (RICS 1991/28). |
| 942 ## - ADDED ENTRY ELEMENTS (KOHA) | |
| Suppress in OPAC | 0 |
| 948 ## - LOCAL PROCESSING INFORMATION (OCLC); SERIES PART DESIGNATOR (RLIN) | |
| c (OCLC) | 04/03/1997 |
| Withdrawn status | Lost status | Source of classification or shelving scheme | Damaged status | Not for loan | Home library | Current library | Shelving location | Date acquired | Cost, normal purchase price | Total Checkouts | Full call number | Barcode | Date last seen | Date last checked out | Copy number | Cost, replacement price | Price effective from | Koha item type |
|---|---|---|---|---|---|---|---|---|---|---|---|---|---|---|---|---|---|---|
| Dewey Decimal Classification | London | London | RICS Boxes | 26/09/1991 | 2.50 | 3 | RICS 1989/30 | 30007998 | 06/08/2019 | 14/03/2005 | 1 | 2.50 | 06/08/2019 | Book | ||||
| Dewey Decimal Classification | London | London | RICS Boxes | 14/09/1999 | 2.50 | RICS 1989/30 | 30007999 | 06/08/2019 | 2 | 2.50 | 06/08/2019 | Reference material | ||||||
| Dewey Decimal Classification | London | London | RICS Boxes | 13/08/1991 | 2.50 | 3 | RICS 1989/30 | 30020956 | 06/08/2019 | 14/03/2005 | 3 | 2.50 | 06/08/2019 | Book | ||||
| Dewey Decimal Classification | London | London | RICS Boxes | 26/09/1991 | 2.50 | RICS 1989/30 | 30029348 | 06/08/2019 | 4 | 2.50 | 06/08/2019 | Archive |